La psicolingüística y la enseñanza de los idiomas extranjeros

में बचाया:
ग्रंथसूची विवरण
मुख्य लेखक: Estarellas, Juan (लेखक)
स्वरूप: पुस्तक
भाषा:स्पेनिश
प्रकाशित: Madrid Anaya 1971
श्रृंखला:Temas y Estudios
विषय:
टैग: टैग जोड़ें
कोई टैग नहीं, इस रिकॉर्ड को टैग करने वाले पहले व्यक्ति बनें!

MARC

LEADER 00000nam a2200000 a 4500
001 UCQ7950
003 CL-VaPUC
008 981121e19710000SP |||||||||||||||||spa|d
082 0 4 |a 401.9  |b EST  |2 21 
100 0 |a Estarellas, Juan  |e author  |9 421772 
245 1 3 |a La psicolingüística y la enseñanza de los idiomas extranjeros 
300 |a 270 p 
942 |c BK 
945 |d 19981121 00:00:00  |a crobeson 
260 |a Madrid  |b Anaya  |c 1971 
650 0 |a Psicolingüística   |9 283371 
650 0 |a Educación lingüística  |9 306506 
650 0 |a Lenguas extranjeras   |9 343620 
650 0 |a Enseñanza de idiomas  |9 339820 
583 |a last modification  |c 19981121 00:00:00  |k Rodrigo Vera 
490 0 |a Temas y Estudios 
999 |c 277324  |d 277322 
952 |0 0  |1 0  |4 0  |6 401_900000000000000_EST_1971  |7 0  |8 A  |9 315211  |a FDOPOS  |b FDOPOS  |d 2019-11-20  |i 1495194  |o 401.9 EST 1971  |p 1495194  |r 2025-01-22  |w 2019-11-20  |y BK  |k MLA